书目信息 |
| 题名: |
每天读点销售心理学
|
|
| 作者: | 黄开堂 编著 | |
| 分册: | ||
| 出版信息: | 北京 中国纺织出版社 2017 |
|
| 页数: | 289页 | |
| 开本: | 24cm | |
| 丛书名: | ||
| 单 册: | ||
| 中图分类: | F713.55 | |
| 科图分类: | ||
| 主题词: | 销售--商业心理学--通俗读物 | |
| 电子资源: | ||
| ISBN: | 978-7-5180-3346-1 | |
| 000 | 01005nam0 2200253 45 | |
| 001 | 012001000099 | |
| 005 | 20140920091301.0 | |
| 010 | @a978-7-5180-3346-1@dCNY36.80 | |
| 100 | @a20170619d2017 em y0chiy50 ea | |
| 101 | 0 | @achi |
| 102 | @aCN@b110000 | |
| 105 | @ay z 000yy | |
| 106 | @ar | |
| 200 | 1 | @a每天读点销售心理学@9Mei Tian Du Dian Xiao Shou Xin Li Xue@f黄开堂编著 |
| 210 | @a北京@c中国纺织出版社@d2017 | |
| 215 | @a289页@d24cm | |
| 300 | @a封面题名:每天读点销售心理学 | |
| 330 | @a本书就是从消费者的心理角度出发,针对销售员经常遇到的一些问题,结合大量的销售实战案例,全方位地介绍了一些心理应对策略,让你能够轻松掌握并应时顾客的心理变化,赢得顾客的心理认同,进而提升销售业绩,成为销售高手! | |
| 512 | 1 | @a每天读点销售心理学@9Mei Tian Du Dian Xiao Shou Xin Li Xue@e每个销售人员都应该阅读的销售指南 |
| 606 | 0 | @a销售@x商业心理学@j通俗读物 |
| 690 | @aF713.55@v5 | |
| 701 | 0 | @a黄开堂@9Huang Kai Tang@4编著 |
| 801 | 0 | @aCN@b上海新华@c20180901 |
| 905 | @b1040484-88@dF713.55@e1013@f5 | |
| 每天读点销售心理学/黄开堂编著.-北京:中国纺织出版社,2017 |
| 289页;24cm |
| 封面题名:每天读点销售心理学 |
| ISBN 978-7-5180-3346-1:CNY36.80 |
| 本书就是从消费者的心理角度出发,针对销售员经常遇到的一些问题,结合大量的销售实战案例,全方位地介绍了一些心理应对策略,让你能够轻松掌握并应时顾客的心理变化,赢得顾客的心理认同,进而提升销售业绩,成为销售高手! |
| ● |
| 相关链接 |
|
|
|
|
正题名:每天读点销售心理学
索取号:F713.55/1013
 
预约/预借
| 序号 | 登录号 | 条形码 | 馆藏地/架位号 | 状态 | 备注 |
| 1 | 1040484 | 210404846 | 第一样本阅览室/ [索取号:F713.55/1013] | 在馆 | |
| 2 | 1040485 | 210404855 | 密集书库-海洋学院/ [索取号:F713.55/1013] | 在馆 | |
| 3 | 1040486 | 210404864 | 第一借阅区/ [索取号:F713.55/1013] | 在馆 | |
| 4 | 1040487 | 210404873 | 第一借阅区/ [索取号:F713.55/1013] | 在馆 | |
| 5 | 1040488 | 210404882 | 第一借阅区/ [索取号:F713.55/1013] | 在馆 |